Civil engineering hydraulics / (Record no. 5960)

MARC details
000 -LEADER
fixed length control field 01175nam a2200277 i 4500
003 - CONTROL NUMBER IDENTIFIER
control field EG-ScBUE
005 - DATE AND TIME OF LATEST TRANSACTION
control field 20250522134345.0
008 - FIXED-LENGTH DATA ELEMENTS--GENERAL INFORMATION
fixed length control field 250504s1984 enka frb 001 0 eng d
020 ## - INTERNATIONAL STANDARD BOOK NUMBER
International Standard Book Number 071313514X (pbk.)
040 ## - CATALOGING SOURCE
Original cataloging agency EG-ScBUE
Language of cataloging eng
Description conventions rda
Transcribing agency EG-ScBUE
Modifying agency EG-ScBUE
082 04 - DEWEY DECIMAL CLASSIFICATION NUMBER
Classification number 532.002462
Item number FRA
Edition number 22
100 1# - MAIN ENTRY--PERSONAL NAME
Personal name Francis, J. R. D.,
Fuller form of name (John Robert Dark),
Dates associated with a name 1979,
Relator term author.
245 10 - TITLE STATEMENT
Title Civil engineering hydraulics /
Statement of responsibility, etc J. R. D. Francis, Late Professor of Hydraulics, Imperial College of Science and Technology, University of London and P. Minton, Formerly Assistant Director of Civil Engineering Department, Imperial College of Science and Technology, University of London.
250 ## - EDITION STATEMENT
Edition statement Fifth edition.
264 #1 - PUBLICATION, DISTRIBUTION, ETC. (IMPRINT)
Place of publication, distribution, etc London :
Name of publisher, distributor, etc Edward Arnold,
Date of publication, distribution, etc 1984.
300 ## - PHYSICAL DESCRIPTION
Extent xi, 387 pages :
Other physical details illustrations ;
Dimensions 23 cm
336 ## - CONTENT TYPE
Source rdacontent
Content type term text
Content type code txt
337 ## - MEDIA TYPE
Media type term unmediated
Source rdamedia
Media type code n
338 ## - CARRIER TYPE
Carrier type term volume
Carrier type code nc
Source rdacarrier
500 ## - GENERAL NOTE
General note Rev. ed. of: Fluid mechanics for engineering students.
504 ## - BIBLIOGRAPHY, ETC. NOTE
Bibliography, etc Includes bibliographical references and index.<br/>
650 #7 - SUBJECT ADDED ENTRY--TOPICAL TERM
Topical term or geographic name as entry element Fluid mechanics.
Source of heading or term BUEsh
655 ## - INDEX TERM--GENRE/FORM
Form subdivision Reading book
700 1# - ADDED ENTRY--PERSONAL NAME
Personal name Minton, P.,
Relator term author.
942 ## - ADDED ENTRY ELEMENTS (KOHA)
Koha item type Book - Borrowing
Source of classification or shelving scheme Dewey Decimal Classification
Holdings
Withdrawn status Lost status Source of classification or shelving scheme Damaged status Not for loan Collection code Home library Current library Shelving location Date acquired Source of acquisition Total Checkouts Full call number Barcode Date last seen Price effective from Koha item type
    Dewey Decimal Classification     Alahram Central Library Central Library First floor 07/11/2011 Purchase   532.002462FRA 000007378 15/07/2025 11/11/2007 Book - Borrowing